00183nam a22000737a 4500020001800000100001800018245004200036260003100078 a9781338030051 aKate Messener aUp in the garden and Down in the dust aNew YorkbScholasticc2015